Um amigo mesmo a sério (Registo nº 2036)

Detalhes MARC
000 -Etiqueta do registo
Cabeçalho 00886nam a22003011 4500
005 - Identificador da versão
Campo de controlo 20240813121923.0
010 ## - Número internacional normalizado dos livros (ISBN)
Número (ISBN) 972210733X
021 ## - Número do Depósito Legal
Código do país PT
Número 54121/92
100 ## - Dados gerais de processamento
Dados gerais de processamento 20011220d1992 c y0pory5003 ba
102 ## - Pais de publicação ou produção
País de publicação Portugal
101 1# - Língua de publicação
Língua do texto, banda sonora, etc. Português
Língua do documento no original Francês
106 ## - Campo de dados codificados: material textual
Dados codificados do material textual r
105 ## - Campo de dados codificados: livros
Dados codificados dos livros a z 000fy
215 ## - Descrição física 
Indicação específica da natureza do documento e extensão da espécie [25] p.
Outras indicações físicas muito il.
Dimensões 25 cm
200 1# - Titulo e menção de responsabilidade
Título próprio Um amigo mesmo a sério
Primeira menção de responsabilidade Christiane Renauld
Outras menções de responsabilidade il. Corderoc'h
-- trad. José Oliveira
225 2# - Colecção 
Título próprio da colecção Começo a ler
Nome de uma parte ou secção Eu leio
210 ## - Publicação, Distribuição, etc. 
Lugar da edição, distribuição, etc. Lisboa
Nome do editor, distribuidor, etc. Caminho
Data da publicação, distribuição, etc. 1992
304 ## - Notas relativas a título e menção de responsabilidade 
Texto da nota Tít. orig.: Un copain pour de bon
606 ## - Nome comum usado como assunto
Número de registo de entrada de autoridade 0000001
Palavra de ordem Literatura estrangeira infantil
Subdivisão de assunto Conto
675 ## - Classificação Decimal Universal (CDU)
Notação 82-34
Edição
Língua da edição por
702 #1 - Nome de autor-pessoa física (responsabilidade secundária)
Número de registo de entrada de autoridade 0000752
Palavra de ordem Corderoc'h
Código de função Ilustrador / Técnico de desenho computorizado
Número de registo de entrada de autoridade 0000551
Palavra de ordem Oliveira
Outra parte do nome não tomada para palavra de ordem José
Código de função Tradutor
700 #1 - Nome de autor-pessoa física (responsabilidade principal)
Número de registo de entrada de autoridade 0000751
Palavra de ordem Renauld
Outra parte do nome não tomada para palavra de ordem Christiane
942 ## - Elementos de entrada adicionados (Koha)
Tipo de item no Koha Livro
Exemplares
Situação do levantamento Origin of item (home branch) (coded) Biblioteca de empréstimo Código de barras Cota Circulation type (not for loan) Tipo de documento Nota do exemplar Damaged status
  Biblioteca Escolar da Coca Maravilhas Biblioteca Escolar da Coca Maravilhas BECM5047/01 8EST REN   Livro Sem mensagem